| 000 | 00618cam a2200145 4500500 | ||
|---|---|---|---|
| 005 | 20260208010121.0 | ||
| 041 | _afre | ||
| 042 | _adc | ||
| 100 | 1 | 0 |
_aRey, Pierre-Louis _eauthor |
| 245 | 0 | 0 | _aGuillaume Perrier, La Mémoire du lecteur. Essai sur Albertine disparue et Le Temps retrouvé. Paris, Classiques Garnier, 2011. Un vol. de 318 p. |
| 260 | _c2013. | ||
| 500 | _a27 | ||
| 786 | 0 | _nRevue d'histoire littéraire de la France | 113 | 1 | 2013-02-18 | p. 147zv-240zv | 0035-2411 | |
| 856 | 4 | 1 | _uhttps://shs.cairn.info/revue-d-histoire-litteraire-de-la-france-2013-1-page-147zv?lang=fr&redirect-ssocas=7080 |
| 999 |
_c1655187 _d1655187 |
||